000
00322nam a22001217a 4500
008
250306b |||||||| |||| 00| 0 eng d
020
_a
9785536805
100
_a
Okunade Sam O.
245
_a
Handbook of Reduce Insfection in the Tropics
260
_a
Ilorin
_b
Glatox Nig Enterprises
_c
2017
300
_a
xii,210p
942
_c
BK
999
_c
2129
_d
2129